| 000 | 00770nam a2200181Ia 4500 | ||
|---|---|---|---|
| 008 | 090630s9999 xx 000 0 und d | ||
| 082 | _b24068 | ||
| 100 | _aसंपादन चंपानेरकर मनोहर. | ||
| 245 |
_aप्रतिदिनी एक सुविचार. _cसंपादन चंपानेरकर मनोहर. |
||
| 260 | _bरोहन - पुणे. | ||
| 300 | _a0 | ||
| 600 | _aसंपादन चंपानेरकर मनोहर. | ||
| 630 | _aप्रतिदिनी एक सुविचार. | ||
| 655 | _aइतर. | ||
| 700 | _aसंपादन चंपानेरकर मनोहर. | ||
| 730 | _aप्रतिदिनी एक सुविचार. | ||
| 942 | _cBOOK | ||
| 999 |
_c275924 _d275924 |
||